000 00330nam a2200121 i 4500
001 bg
245 0 _aMetody analiza materialov primenjaemych v elektrovakuumnoj promyslennosti /
_cpod red. Ju.A. Kljacko.
260 _aMoskva,
_c1972.
040 _cBPK
041 _apol
942 _cKS
008 s pl f |000 0 pol
999 _c26639
_d26639
856 _uhttp://koha.tu.koszalin.pl/cgi-bin/koha/opac-detail.pl?biblionumber=26639
_yKatalog online BPK